UK is ideal location for offshore wind energy (Record no. 73739)

MARC details
000 -LEADER
fixed length control field 01528cam a2200217 4500
001 - CONTROL NUMBER
control field WB3942-09
008 - FIXED-LENGTH DATA ELEMENTS--GENERAL INFORMATION
fixed length control field 031104n2003 000 0 eng u
035 ## - SYSTEM CONTROL NUMBER
System control number (Sirsi) u124229
245 ## - TITLE STATEMENT
Title UK is ideal location for offshore wind energy
260 ## - PUBLICATION, DISTRIBUTION, ETC.
Date of publication, distribution, etc. 2003
490 ## - SERIES STATEMENT
Series statement RICS Environment Faculty News
Volume/sequential designation 3 November 2003 (2)
520 ## - SUMMARY, ETC.
Summary, etc. According to the new Carbon Trust study "Building options for UK renewable energy", the UK is ideally placed to become a world leader in the installation and maintenance of offshore wind energy plants. Offshore wind power is expected to become increasingly cost-competitive and could offer the greatest opportunities in the renewable energy field in the short to medium term. The study encourages government to invest more in UK-based renewable technologies. The study is available at http://www.thecarbontrust.co.uk/NR/rdonlyres/ebftishzik5hko4fb6j32qqag3kkxhf2nmbwduc75ep5ibijy3fxqewandwca7hjjsgh7p4iwq7meo/Building%2boptions%2bfor%2bUK%2brenewable%2benergy.pdf. Carbon Trust Press Release http://www.thecarbontrust.co.uk/TheCarbonTrust/Press+centre/Press+releases/Building+Options+report.htm http://www.rics.org/ricscms/bin/show?class=News&template=/includes/shownews.html&id=7476&faculty=Environment&faculty=All%20Faculties
590 ## - LOCAL NOTE (RLIN)
Local note WB
650 ## - SUBJECT ADDED ENTRY--TOPICAL TERM
Topical term or geographic name entry element OFFSHORE WIND POWER
650 ## - SUBJECT ADDED ENTRY--TOPICAL TERM
Topical term or geographic name entry element RENEWABLE ENERGY
650 ## - SUBJECT ADDED ENTRY--TOPICAL TERM
Topical term or geographic name entry element RENEWABLE ENERGY MARKET
650 ## - SUBJECT ADDED ENTRY--TOPICAL TERM
Topical term or geographic name entry element RENEWABLE ENERGY SYSTEMS
650 ## - SUBJECT ADDED ENTRY--TOPICAL TERM
Topical term or geographic name entry element WIND POWER
690 ## - LOCAL SUBJECT ADDED ENTRY--TOPICAL TERM (OCLC, RLIN)
Topical term or geographic name as entry element ENVIRONMENTAL AND LAND CONSULTANCY-ENERGY
942 ## - ADDED ENTRY ELEMENTS (KOHA)
Suppress in OPAC 0
Holdings
Withdrawn status Lost status Source of classification or shelving scheme Damaged status Not for loan Home library Current library Shelving location Date acquired Total Checkouts Full call number Barcode Date last seen Copy number Price effective from Koha item type
    Dewey Decimal Classification     London London News article 04/11/2003   WB3942-09 124229-1001 06/08/2019 1 06/08/2019 News article